MARC

LEADER 00000nam0a2200000 4500
001 285542
005 20231101235814.0
020 |a RU  |b 85-44761 
035 |a (RuTPU)RU\TPU\book\309785 
090 |a 285542 
100 |a 20150225d1985 km y0rusy5003 ca 
101 0 |a rus 
102 |a RU 
105 |a a z 001zy 
200 1 |a Техническое проектирование колонкового бурения  |f Н. Д. Михайлова 
210 |a Москва  |c Недра  |d 1985 
215 |a 200 с.  |c ил.  |d 21 см 
320 |a Библиогр.: с. 197-198 
606 1 |a Бурение колонковое  |x Гидрогеологические наблюдения  |2 stltpush  |3 (RuTPU)RU\TPU\subj\30272  |9 53401 
610 1 |a скважины 
610 1 |a конструкции 
610 1 |a породоразрушающие инструменты 
610 1 |a буровые снаряды 
610 1 |a промывочные жидкости 
610 1 |a промывка 
610 1 |a продувка 
610 1 |a температурный режим 
610 1 |a режимы бурения 
610 1 |a проектирование 
610 1 |a буровые агретаты 
610 1 |a мощность 
610 1 |a направленное бурение 
610 1 |a многоствольное бурение 
675 |a 622.243.5  |z rus  |v 4 
700 1 |a Михайлова  |b Н. Д.  |g Наталия Донатовна  |4 070 
801 0 |a RU  |b RuMRKP  |c 19950704  |g psbo 
801 1 |a RU  |b 63413507  |c 20150225 
801 2 |a RU  |b 63413507  |c 20171212  |g RCR 
942 |c BK